[Event "16th Padova Open A 2013"]
[Site "Padova ITA"]
[Date "2013.12.15"]
[Round "1.8"]
[White "Laurenti,S"]
[Black "Mogranzini,R"]
[Result "1/2-1/2"]
[WhiteElo "2106"]
[BlackElo "2506"]

1.e4 c5 2.Nc3 Nc6 3.Bb5 Nd4 4.Nf3 g6 5.Bc4 Nc6 6.Bb5 Bg7 7.Bxc6 bxc6 8.d3 d6
9.O-O Nh6 10.Qe1 O-O 11.Nh4 e5 12.Nf3 f5 13.Nd2 f4 14.f3 g5 15.Ne2 Rf6 16.h3 Nf7
17.Kf2 h5 18.Rh1 g4 19.hxg4 hxg4 20.fxg4 Bxg4 21.Nf3 Nh6 22.Neg1 Rb8 23.b3 Rb7
24.Bd2 Bf8 25.Nh2 Bc8 26.Ngf3 Rg6 27.Rg1 Rbg7 28.Qf1 Be7 29.Ke2 Kh7 30.Qf2 Qg8
31.Kf1 Rg3 32.Be1 Rxg2 33.Rxg2 Bh3 34.Nh4 Bxh4 35.Qxh4 Qe6 36.Nf3 Rxg2 37.Bf2 Rg7+
38.Ke2 Bg4 39.Rh1 Rg6 40.Be1 Kg7 41.Kf2 Bxf3 42.Kxf3 a6 43.Qh5 Qg4+ 44.Qxg4 Nxg4
45.c3 Nh6 46.Bf2 Nf7 47.Bh4 Rh6 48.Kg4 Kg6 49.b4 cxb4 50.cxb4 d5 51.Rc1 Kg7
52.Rc5 Rd6 53.Kf5 dxe4 54.dxe4 Rh6 55.Kg4 Rg6+ 56.Kf5 Rh6 57.Kg4 Rd6 58.Kf5 f3
59.Rc3 Rh6 60.Kg4 Nd6 61.Rxc6 Nxe4 62.Rxh6 Kxh6 63.Kxf3 Nc3 64.a3 Kg6 65.Be1 Nb5
66.a4 Nd6 67.b5 axb5 68.axb5 Nxb5 69.Ke4 Kf6 70.Bg3 Nc3+ 71.Kd3 Nd5 72.Bxe5+  1/2-1/2

[Event "Pavlodar Open 2013"]
[Site "Pavlodar KAZ"]
[Date "2013.12.16"]
[Round "7.19"]
[White "Egorov,E"]
[Black "Vladimirov,M2"]
[Result "1/2-1/2"]
[WhiteElo "2361"]
[BlackElo "2164"]

1.Nc3 c5 2.e4 Nc6 3.Bb5 Nd4 4.Bc4 e6 5.Nf3 Ne7 6.Nxd4 cxd4 7.Ne2 Nc6 8.O-O g6
9.d3 Bg7 10.Bf4 d5 11.exd5 exd5 12.Bb3 O-O 13.Qd2 Re8 14.Rae1 Bg4 15.Ng3 Be6
16.Bh6 a5 17.Bxg7 Kxg7 18.a4 Rc8 19.f4 f5 20.Rf2 Qf6 21.Rfe2 Re7 22.Nf1 Rce8
23.h3 Bf7 24.Rxe7 Rxe7 25.Rxe7 Qxe7 26.Qf2 Qe6 27.Nd2 Qd6 28.Nb1 Qf6 29.Na3 h6
30.Nb5 Kh7 31.Kf1 Kg7 32.g3 Kh7 33.Na3 Kg7 34.Nb1 Kh7 35.Nd2 Kg7 36.Nf3 Kh7
37.Ng1 Kg7 38.Ne2 Kh7 39.Ng1 Kg7 40.Nf3 Kh7 41.Qe2 Kg7 42.Kf2 Qd6 43.Qd2 Qf6
44.g4 fxg4 45.hxg4 Qe6 46.Kg3 Qe3 47.Qxe3 dxe3 48.d4 Be6 49.c3 h5 50.gxh5 gxh5
51.Ng5 Bg4 52.Bxd5 Bd1 53.Nf3 Bxa4 54.Nh4 e2 55.Kf2 Nd8 56.Kxe2 Bc6 57.Bf3 Bxf3+
58.Kxf3 Kf6 59.Ke4 b5 60.Kd5 b4 61.cxb4 axb4 62.b3 Ne6 63.Ke4 Nc7 64.d5 Nb5
65.Kd3 Nc3 66.Kc4 Ke7 67.Kc5 Kd7 68.f5 Ne4+ 69.Kxb4 Kd6 70.Ka5 Kxd5 71.b4 Kc6
72.Ka6 Nd6 73.f6 Kd7 74.Kb6 Ke6 75.Kc6 Nc8 76.Kc7 Na7 77.Kb6 Nc8+ 78.Kb7 Nd6+
79.Kc6 Nc8 80.Kc7 Na7  1/2-1/2

[Event "20th Zadar Open A 2013"]
[Site "Zadar CRO"]
[Date "2013.12.17"]
[Round "4.5"]
[White "Kadric,D"]
[Black "Palac,M"]
[Result "1-0"]
[WhiteElo "2471"]
[BlackElo "2581"]

1.e4 c5 2.Nc3 Nc6 3.Nge2 d6 4.d4 cxd4 5.Nxd4 Nf6 6.Bc4 Qb6 7.Nb3 e6 8.O-O Be7
9.Be3 Qc7 10.Bd3 a6 11.f4 O-O 12.g4 Re8 13.g5 Nd7 14.Qh5 b5 15.Rf3 g6 16.Qh6 Bf8
17.Qh4 b4 18.Rh3 h6 19.Ne2 Bb7 20.Rf1 a5 21.gxh6 Be7 22.Qg3 Kh7 23.f5 Nde5
24.fxg6+ fxg6 25.Nf4 Qd7 26.Nd4 Bd8 27.Nxc6 Bxc6 28.Nxg6 Nxg6 29.Qxg6+ Kh8
30.Rf7 Rg8 31.Rg7  1-0

[Event "WYCC U16 Girls 2013"]
[Site "Al-Ain UAE"]
[Date "2013.12.18"]
[Round "1.30"]
[White "Liscinska,Jana"]
[Black "Hong,Xing"]
[Result "0-1"]
[WhiteElo "1643"]
[BlackElo "1980"]

1.e4 c5 2.Nf3 Nc6 3.Nc3 g6 4.d4 cxd4 5.Nxd4 Bg7 6.Be3 Nf6 7.Be2 O-O 8.f4 d6
9.Qd2 Ng4 10.Bg1 Nxd4 11.Bxd4 e5 12.fxe5 dxe5 13.Be3 Nxe3 14.Qxe3 Be6 15.O-O Qa5
16.Rad1 Qb4 17.Rb1 Rfd8 18.a3 Qe7 19.Rbd1 b6 20.Bb5 Qc7 21.Ba4 Bf8 22.Kh1 Rxd1
23.Nxd1 Qc4 24.Qf3 Qxa4 25.Ne3 Bg7 26.Nf5 Qxc2 27.h4 Bxf5 28.exf5 Rd8 29.fxg6 Qxg6
30.h5 Qe6 31.Qb7 Qc4 32.Rf3 Qh4+ 33.Rh3 Rd1+ 34.Kh2 Qf4+ 35.Rg3 Rh1+ 36.Kxh1 Qxg3
37.Qxa7 Qh4+ 38.Kg1 e4 39.Qxb6 Qe1+ 40.Kh2 Be5+  0-1

[Event "WYCC U16 Girls 2013"]
[Site "Al-Ain UAE"]
[Date "2013.12.19"]
[Round "2.57"]
[White "Wen,Jessica"]
[Black "Parnali,S"]
[Result "0-1"]
[WhiteElo "1646"]
[BlackElo "1895"]

1.e4 c5 2.Nc3 Nc6 3.Bb5 e6 4.f4 Nge7 5.Nf3 d5 6.d3 a6 7.Bxc6+ Nxc6 8.O-O Be7
9.Ne2 b5 10.Ng3 h5 11.h3 h4 12.Ne2 Bb7 13.f5 dxe4 14.dxe4 Qxd1 15.Rxd1 exf5
16.exf5 Rh5 17.Nf4 Rxf5 18.Nd5 Rd8 19.Nc7+ Kf8 20.Be3 Nb4 21.Nxh4 Bxh4 22.Rf1 Rxf1+
23.Rxf1 Kg8 24.Bxc5 Nxc2 25.Rc1 Rd2 26.a3 Bg3 27.Bb6 Bxg2 28.Nxa6 Bxh3 29.Nb4 Bh2+
30.Kh1 Bf5  0-1

[Event "WYCC U16 Girls 2013"]
[Site "Al-Ain UAE"]
[Date "2013.12.20"]
[Round "3.22"]
[White "Karimi,Yeganeh"]
[Black "Egorova,Ayyyna"]
[Result "1-0"]
[WhiteElo "1839"]
[BlackElo "2006"]

1.e4 c5 2.Nf3 Nc6 3.Nc3 g6 4.d4 cxd4 5.Nxd4 Bg7 6.Be3 Nf6 7.f3 O-O 8.Qd2 d5
9.O-O-O Nxd4 10.Bxd4 dxe4 11.fxe4 Be6 12.Kb1 Qc7 13.Nd5 Bxd5 14.exd5 Rfd8
15.c4 b5 16.Bxf6 Bxf6 17.cxb5 Qe5 18.Bc4 e6 19.Qe2 Qxe2 20.Bxe2 Rxd5 21.Rxd5 exd5
22.Rd1 Re8 23.Bf3 d4 24.a4 Kf8 25.b4 Re3 26.Ka2 d3 27.a5 g5 28.b6 Bd4 29.b7 Be5
30.h3 Ke7 31.Rc1 d2 32.Rc5 Bf4 33.Rd5 Kf8 34.Rxd2 Re8 35.Rd7 Re7 36.Rd4 Be5
37.Rd8+ Re8 38.Rc8 Ke7 39.b5 Rd8 40.b6 axb6 41.a6 Rd2+ 42.Ka3 Bd6+ 43.Ka4 g4
44.hxg4 Kd7 45.Kb3 Rd3+ 46.Kc2 Ra3 47.Bc6+ Ke7 48.Ra8 Ra2+ 49.Kb1 b5 50.a7  1-0

[Event "Al-Ain Classic Open A 2013"]
[Site "Al-Ain UAE"]
[Date "2013.12.21"]
[Round "3.32"]
[White "Hassan,Say"]
[Black "Kaboodi,B"]
[Result "1-0"]
[WhiteElo "2341"]
[BlackElo "2044"]

1.e4 c5 2.Nc3 Nc6 3.Bb5 Nd4 4.Nf3 g6 5.O-O Bg7 6.Bd3 d6 7.Nxd4 cxd4 8.Ne2 e5
9.c3 Ne7 10.f4 O-O 11.f5 Nc6 12.Ng3 Qh4 13.Qf3 Bh6 14.Bc2 Bd7 15.d3 Rac8
16.Bb3 Kh8 17.Nh1 gxf5 18.exf5 dxc3 19.bxc3 Na5 20.Nf2 Nxb3 21.axb3 Bc6 22.Ne4 Bxc1
23.Raxc1 Qh6 24.Rce1 d5 25.Nf2 f6 26.d4 e4 27.Qg3  1-0

[Event "WYCC U16 Girls 2013"]
[Site "Al-Ain UAE"]
[Date "2013.12.21"]
[Round "4.13"]
[White "Haussernot,C"]
[Black "Parnali,S"]
[Result "1-0"]
[WhiteElo "2062"]
[BlackElo "1895"]

1.e4 c5 2.Nc3 Nc6 3.Nf3 Nf6 4.Bb5 Nd4 5.e5 Nxb5 6.Nxb5 Nd5 7.O-O g6 8.d4 c4
9.Qe2 e6 10.Bg5 Qa5 11.Qxc4 a6 12.Nc3 b5 13.Qd3 Bb7 14.Ne4 h6 15.Bf6 Rg8
16.b3 Nb4 17.Qe2 Qc7 18.c3 Qc6 19.Nfd2 Nd5 20.Rac1 Ba3 21.c4 Nf4 22.Qf3 Bxc1
23.Rxc1 g5 24.d5 exd5 25.Nd6+ Kf8 26.Nxb7 Qxb7 27.g3 Nh3+ 28.Kf1 Rc8 29.Qh5 dxc4
30.Qxh3 c3 31.Qg4 Rg6 32.Qb4+ Kg8 33.Rxc3 Re8 34.Ne4 a5 35.Qd4 a4 36.b4 Rc8
37.Qd5 Qa6 38.Nd6 Rf8 39.Rc8 Qxd6 40.Qxd6 Rxc8 41.Qxd7 Rf8 42.Qxb5 Kh7 43.Qxa4 Rgg8
44.Qc2+  1-0

[Event "WYCC U16 Girls 2013"]
[Site "Al-Ain UAE"]
[Date "2013.12.21"]
[Round "4.23"]
[White "Giblon,Rebecca"]
[Black "Beinenson,Katsiaryna"]
[Result "0-1"]
[WhiteElo "1715"]
[BlackElo "1961"]

1.e4 c5 2.Nf3 Nc6 3.Nc3 Nf6 4.d4 cxd4 5.Nxd4 e5 6.Ndb5 d6 7.Nd5 Nxd5 8.exd5 Nb8
9.c4 Nd7 10.Bd3 a6 11.Nc3 Be7 12.O-O O-O 13.f4 f5 14.fxe5 Nxe5 15.Ne2 Ng4
16.Qb3 Qc7 17.Qb4 a5 18.Qe1 Ne5 19.Qg3 Nxc4 20.Bh6 Bf6 21.Rac1 Qb6+ 22.Kh1 Be5
23.Qg5 Nxb2 24.Rxc8 Raxc8 25.Bxf5 Kh8 26.Bxg7+ Bxg7 27.Qh5 Rxf5 28.Rxf5 Rf8  0-1

[Event "51st ch-IND Premier 2013"]
[Site "Jalgaon IND"]
[Date "2013.12.21"]
[Round "5.4"]
[White "Adhiban,Baskaran"]
[Black "G.,A"]
[Result "1-0"]
[WhiteElo "2569"]
[BlackElo "2343"]

1.e4 c5 2.Nc3 Nc6 3.Bb5 Nd4 4.Nf3 g6 5.Ba4 Bg7 6.O-O a6 7.Nxd4 cxd4 8.Ne2 e6
9.d3 Ne7 10.Qe1 O-O 11.f4 f5 12.Kh1 d6 13.Bb3 Kh8 14.Ng1 Nc6 15.Nf3 Na5 16.e5 Nxb3
17.axb3 b5 18.Nxd4 dxe5 19.Nxb5 Bb7 20.Nc3 Qc7 21.b4 exf4 22.Bxf4 e5 23.Be3 Rae8
24.Bc5 Rf6 25.Qf2 Qc6 26.Rae1 Rfe6 27.Kg1 Bf6 28.Re2 Kg8 29.h3 h5 30.Rfe1 Bd8
31.Nb1 e4 32.dxe4 Rxe4 33.Rxe4 Rxe4 34.Rxe4 Qxe4 35.Nc3 Qe5 36.Bd4 Qd6 37.Qe3 Kf7
38.Ne2 g5 39.c3 Qd5 40.Qf2 Qe4 41.Ng3 Qb1+ 42.Nf1 Be4 43.Qe2 Qc2 44.Qxh5+ Ke6
45.Qe8+ Be7 46.Ne3 Qc1+ 47.Kh2 Qd2 48.Bc5 Qd8 49.Qxe7+ Qxe7 50.Bxe7 Kxe7
51.Nc4 Ke6 52.Kg3 Bd5 53.Nd2 f4+ 54.Kf2 Kf5 55.Nf3 g4 56.Nd4+ Kg5 57.hxg4 Kxg4
58.b5 axb5 59.Nxb5 Kf5 60.c4 Ba8 61.b4 Ke4 62.c5 Kd3 63.Na7 Bxg2 64.Kxg2 Ke2
65.Nb5 f3+ 66.Kg3 f2 67.Nd4+ Ke1 68.Nf3+  1-0

[Event "WYCC U16 Girls 2013"]
[Site "Al-Ain UAE"]
[Date "2013.12.22"]
[Round "6.16"]
[White "Haussernot,C"]
[Black "Vidic,Teja"]
[Result "0-1"]
[WhiteElo "2062"]
[BlackElo "1882"]

1.e4 c5 2.Nc3 Nc6 3.Nf3 d6 4.d4 cxd4 5.Nxd4 Nf6 6.Bg5 e6 7.Qd2 a6 8.O-O-O Bd7
9.f3 b5 10.g4 Rc8 11.Kb1 Ne5 12.Bd3 Nc4 13.Bxc4 Rxc4 14.f4 Be7 15.e5 dxe5
16.fxe5 Nd5 17.Bxe7 Nxc3+ 18.Qxc3 Qxe7 19.Qe3 O-O 20.g5 Bc6 21.Rhg1 Bd5 22.Nb3 Qc7
23.Rd2 Re4 24.Qf2 Qxe5 25.Nc5 Rf4 26.Qg3 Bxa2+ 27.Kxa2 Qxc5 28.Qxf4 Qxg1
29.h4 Qc5 30.b3 a5 31.h5 a4 32.b4 Qc3 33.Qd4 Qxd4 34.Rxd4 f5 35.gxf6 gxf6
36.Rd7 f5 37.Re7 Rf6 38.Rb7 f4 39.Rxb5 f3 40.Rg5+ Kf7 41.Rg1 e5 42.Kb2 f2
43.Rf1 a3+ 44.Kxa3 e4  0-1

[Event "St Petersburg Blitz Prelim 2013"]
[Site "St Petersburg RUS"]
[Date "2013.12.22"]
[Round "6.7"]
[White "Sudakova,I"]
[Black "Goganov,A"]
[Result "1/2-1/2"]
[WhiteElo "2356"]
[BlackElo "2581"]

1.e4 c5 2.Ne2 Nc6 3.Nbc3 g6 4.g3 Bg7 5.Bg2 e6 6.O-O Nge7 7.d3 O-O 8.Be3 d6
9.d4 cxd4 10.Nxd4 a6 11.Qd2 Ne5 12.b3 Ng4 13.Rad1 Nxe3 14.Qxe3 Qc7 15.Rd2 b5
16.f4 e5 17.Nde2 exf4 18.gxf4 Qc5 19.Qxc5 dxc5 20.e5 Ra7 21.Ne4 Rc7 22.Rfd1 Nf5
23.Kf2 h6 24.Rd8 Be6 25.Rxf8+ Kxf8 26.Rd8+ Ke7 27.Ra8 Bc8 28.c4 bxc4 29.bxc4 Be6
30.Rxa6 Bxc4 31.Ra5 Bxe2 32.Kxe2 Nd4+ 33.Kd3 Ne6 34.Ke3 c4 35.Nc3 Rd7 36.Bd5 Rc7
37.Be4 Ke8 38.Bd5 Kd7 39.Ra4 Bf8 40.Rxc4 Ra7 41.a4 Bc5+ 42.Ke4 Be7 43.Bxe6+ Kxe6
44.Nb5 Ra5 45.Nd4+ Kd7 46.Nc6 Ra8 47.Nxe7 Kxe7 48.Rc7+ Ke6 49.Rc6+ Kd7 50.Rc4 Ke6
51.Rc6+  1/2-1/2

[Event "WYCC U16 Girls 2013"]
[Site "Al-Ain UAE"]
[Date "2013.12.23"]
[Round "7.3"]
[White "Nicolas Zapata,I"]
[Black "Vanagaite,G"]
[Result "1/2-1/2"]
[WhiteElo "2237"]
[BlackElo "2017"]

1.e4 c5 2.Nc3 Nc6 3.Bb5 Nd4 4.Nf3 Nxb5 5.Nxb5 d6 6.d4 cxd4 7.Qxd4 Bd7 8.Nc3 Nf6
9.O-O Qc7 10.Nd5 Nxd5 11.exd5 Qc5 12.Qe4 f5 13.Qh4 Qxd5 14.Re1 e6 15.Bg5 Rc8
16.Rad1 Qc4 17.Nd4 Kf7 18.b3 Qc7 19.g4 e5 20.Nxf5 Bxf5 21.gxf5 Be7 22.c4 Bxg5
23.Qxg5 Rhf8 24.Rd5 Qe7 25.Qxe7+ Kxe7 26.f4 Rxf5 27.fxe5 Rxe5 28.Rexe5+ dxe5
29.Rxe5+ Kf6 30.Ra5 a6 31.Rd5 Ke6 32.Rh5 h6 33.Kf2 Rd8 34.Ke2 Rd4 35.a4 Rd7
36.Rc5 g5 37.a5 Rd6 38.Rc8 b6 39.Re8+ Kd7 40.Re5 bxa5 41.Rxa5 Rb6 42.Rd5+ Kc7
43.Rd3 h5 44.h3 a5 45.Ke3 a4 46.bxa4 Rb4 47.Kd4 Rxa4 48.Rf3 Ra5 49.Rf7+ Kc6
50.Rf6+ Kc7 51.Rg6 Ra3 52.Rxg5 Rxh3 53.Kc5 h4 54.Rg7+ Kd8 55.Rh7 Rh1 56.Kd6 Rd1+
57.Kc6 Rh1 58.c5 h3 59.Rh8+ Ke7 60.Kc7 h2 61.c6 Kf6 62.Rf8+ Kg5 63.Rg8+  1/2-1/2

[Event "Chinese Teams 2013"]
[Site "Tianjin CHN"]
[Date "2013.12.23"]
[Round "21.2"]
[White "Gao Rui"]
[Black "Yap,K"]
[Result "1-0"]
[WhiteElo "2462"]
[BlackElo "2414"]

1.e4 c5 2.Nf3 Nc6 3.Nc3 e5 4.Bc4 Be7 5.d3 d6 6.O-O Nf6 7.h3 O-O 8.a3 a6 9.Be3 b5
10.Ba2 Be6 11.Nd5 Bxd5 12.exd5 Nb8 13.b4 Nbd7 14.Nd2 Qc7 15.f4 exf4 16.Rxf4 Ne5
17.bxc5 dxc5 18.Ne4 Nxe4 19.Rxe4 Ng6 20.Qh5 Bd6 21.Bd2 f5 22.Re6 Rad8 23.c4 f4
24.Kh1 Ne7 25.Bc3 Nf5 26.Qf3 b4 27.axb4 cxb4 28.Bb2 b3 29.Bxb3 Rb8 30.d4 Qb7
31.Rxd6 Nxd6 32.Ba3 Rf6 33.Bxd6 Rxd6 34.c5 Qxb3 35.Qxb3 Rxb3 36.cxd6 Rb6
37.d7 Rd6 38.Rxa6 Rxd7 39.Ra5 Kf7 40.Kg1 g5 41.Kf2 Kf6 42.Kf3 Re7 43.d6 Re3+
44.Kf2 h6 45.Re5  1-0

[Event "Al-Ain Classic Open A 2013"]
[Site "Al-Ain UAE"]
[Date "2013.12.24"]
[Round "6.13"]
[White "Hovhannisyan,R"]
[Black "Sharbaf,M"]
[Result "1/2-1/2"]
[WhiteElo "2597"]
[BlackElo "2424"]

1.e4 c5 2.Nc3 Nc6 3.Bb5 g6 4.Bxc6 dxc6 5.d3 Bg7 6.Be3 e6 7.Qd2 h6 8.Nge2 Nf6
9.h3 e5 10.O-O Nh5 11.a3 a5 12.Ng3 Nxg3 13.fxg3 Be6 14.Na4 O-O 15.b4 axb4
16.axb4 f5 17.Bxh6 fxe4 18.Rxf8+ Bxf8 19.Bxf8 Qxf8 20.dxe4 Bf7 21.Qc1 cxb4
22.Kh2 b5 23.Nb2 Rxa1 24.Qxa1 Qc5 25.Nd3 Qxc2 26.Nxe5 Qxe4 27.Ng4 Qe6 28.Nf6+ Kf8
29.Nh7+ Ke7 30.Qa7+ Qd7 31.Qc5+ Qd6 32.Qa7+ Ke8 33.Qa8+ Kd7 34.Qa7+ Qc7 35.Qc5 Kd8
36.Nf6 Kc8 37.Qxb4 Kb7 38.Ne4 Bd5 39.Nc5+ Kb6 40.Na4+ Ka7 41.Nc5 Kb6 42.Qd4 Qd6
43.Nd7+ Kc7 44.Qa7+  1/2-1/2

[Event "51st Groningen Open A 2013"]
[Site "Groningen NED"]
[Date "2013.12.26"]
[Round "5.13"]
[White "Burg,T"]
[Black "Afek,Y"]
[Result "1-0"]
[WhiteElo "2490"]
[BlackElo "2302"]

1.e4 c5 2.Nf3 Nc6 3.Nc3 g6 4.Bb5 Bg7 5.O-O Nf6 6.Re1 O-O 7.e5 Ng4 8.Bxc6 dxc6
9.h3 Nh6 10.d3 Nf5 11.Bf4 b6 12.Qd2 Nd4 13.Nh2 f5 14.Ne2 Be6 15.c4 Qe8 16.Nxd4 cxd4
17.Nf3 c5 18.b4 Bc8 19.bxc5 bxc5 20.Rab1 e6 21.Qa5 Rf7 22.Qxc5 Bb7 23.Qxd4 Bxf3
24.gxf3 Rd8 25.Qe3 h6 26.h4 Qe7 27.Kg2 Qa3 28.Rb3 Qxa2 29.Reb1 Kh7 30.Rb7 Rdd7
31.Rxd7 Rxd7 32.Rb8 Qa3 33.d4 Qe7 34.d5 Qxh4 35.dxe6 Rd1 36.Bh2 Qe7 37.Qb3 Qg5+
38.Bg3 Ra1 39.Qb2 Rd1 40.Qb3 Ra1 41.Qe3 Qe7 42.Qd4 Ra6 43.Rd8 Qxe6 44.c5 Ra3
45.Rd7 g5 46.Qd6 Qb3 47.Rxg7+ Kxg7 48.Qf6+ Kg8 49.Qg6+ Kf8 50.e6 Qxf3+ 51.Kh2  1-0

[Event "6th Marseille Open 2013"]
[Site "Marseille FRA"]
[Date "2013.12.26"]
[Round "2.3"]
[White "Goy,W"]
[Black "Sanchez,Joseph"]
[Result "0-1"]
[WhiteElo "1942"]
[BlackElo "2534"]

1.e4 c5 2.Nc3 Nc6 3.Nge2 Nf6 4.d4 cxd4 5.Nxd4 e5 6.Nxc6 bxc6 7.Bg5 Rb8 8.Bc4 h6
9.Bxf6 Qxf6 10.O-O Bc5 11.Qd3 O-O 12.Na4 Be7 13.Qe3 Ra8 14.Nc5 d6 15.Nd3 Bd8
16.a4 Bb6 17.Qe2 a5 18.Kh1 g5 19.c3 Kg7 20.Rad1 Bb7 21.Bb3 Ba6 22.Qg4 h5
23.Qxh5 Rh8 24.Qf3 Qxf3 25.gxf3 Rh5 26.Rg1 Rah8 27.Rg2 Kf6 28.Bc2 Ke7 29.b4 Rh3
30.Ne1 Bf1 31.bxa5 Bxg2+  0-1

[Event "13th Mondragon Open"]
[Site "Mondragon ESP"]
[Date "2013.12.27"]
[Round "2.7"]
[White "Ausin Matilla,Daniel"]
[Black "Etxagibel Larranaga,A"]
[Result "0-1"]
[WhiteElo "1991"]
[BlackElo "2165"]

1.e4 c5 2.Nc3 Nc6 3.Nge2 g6 4.g3 Bg7 5.Bg2 d6 6.O-O e6 7.d3 Nge7 8.Be3 O-O
9.d4 b6 10.e5 d5 11.f4 Nf5 12.Bf2 Nfxd4 13.Nxd4 Nxd4 14.Bxd4 cxd4 15.Qxd4 Ba6
16.Rfd1 Qe7 17.a4 Rac8 18.a5 b5 19.Bf1 Rc6 20.Na2 Bb7 21.Nb4 Rc5 22.a6 Bc8
23.Ra5 Bd7 24.c4 Rxc4 25.Nxd5 exd5 26.Bxc4 bxc4 27.Qxa7 Qb4 28.Raxd5 Bc6
29.Qc5 Qa4 30.R5d4 Bf3 31.Rc1 Qxa6 32.Rdxc4 Ra8 33.Qd6 Qa7+ 34.Qd4 Qxd4+
35.Rxd4 Rb8 36.Kf2 Bg4 37.b4 Bf8 38.Kg2 Bf5 39.Rcd1 Kg7 40.Rc1 Bxb4 41.Rcd1 Bc5
42.R4d2 Be4+ 43.Kh3 h5 44.Ra1 h4 45.Kxh4 Bf5 46.g4 Be7+ 47.Kg3 Rb3+ 48.Kg2 Bxg4
49.Rc1 Bh3+ 50.Kg1 Rf3 51.Rf2 Re3 52.Rfc2 Bb4 53.Kf2 Rb3 54.Kg1 Bf5 55.Re2 Ba3
56.Ra1 Bc5+ 57.Kh1 Bg4 58.Rea2 Bf3+  0-1

[Event "VII Stadium Casablanca Open 2013"]
[Site "Zaragoza ESP"]
[Date "2013.12.27"]
[Round "2.4"]
[White "Forcen Esteban,D"]
[Black "Ribera Bazan,J"]
[Result "1-0"]
[WhiteElo "2511"]
[BlackElo "2117"]

1.e4 c5 2.Nc3 Nc6 3.Nf3 Nf6 4.Bb5 g6 5.O-O Bg7 6.h3 O-O 7.e5 Ne8 8.Re1 Nc7
9.Bxc6 dxc6 10.d3 Ne6 11.Nh2 Nd4 12.Bf4 Be6 13.Ne4 b6 14.Qd2 Bd5 15.Ng3 c4
16.dxc4 Bxc4 17.Re4 c5 18.c3 Bd5 19.cxd4 Bxe4 20.Nxe4 cxd4 21.Nf3 Rc8 22.Nxd4 Qd5
23.Nc3 Qc4 24.Rd1 Rfd8 25.Qe3 Rd7 26.Rd2 Rcd8 27.b3 Qc5 28.Nce2 Rd5 29.Rc2 Qa3
30.Nc6 Re8 31.Qe4 Rc5 32.Rd2  1-0

[Event "51st Groningen Open A 2013"]
[Site "Groningen NED"]
[Date "2013.12.28"]
[Round "7.7"]
[White "Pruijssers,R"]
[Black "Stukopin,A"]
[Result "0-1"]
[WhiteElo "2539"]
[BlackElo "2509"]

1.e4 c5 2.Nf3 Nc6 3.Nc3 d6 4.d4 cxd4 5.Nxd4 Nf6 6.Bg5 e6 7.Qd2 a6 8.O-O-O h6
9.Nxc6 bxc6 10.Bf4 d5 11.Qe3 Bb4 12.Be2 O-O 13.e5 Nh7 14.h4 Qa5 15.Rh3 Rb8
16.Rg3 Rb7 17.Bd3 Bc5 18.Bxh7+ Kxh7 19.Qd3+ Kh8 20.b3 Rb4 21.Bd2 Bxf2 22.Rf3 Rd4
23.Qe2 Bxh4 24.Rh1 Qd8 25.Be3 Bg5 26.Rfh3 f5 27.exf6 Qxf6 28.Rf3 Bxe3+ 29.Qxe3 Rf4
30.Rhf1 Rf5 31.Qc5 Bd7 32.Kb1 Rf7 33.Qb6 Qe5 34.Na4 Qe2 35.R1f2 Qd1+ 36.Kb2 e5
37.Rxf5 Rxf5 38.Nc3 Qd4 39.Qd8+ Kh7 40.Re2 Rf7 41.Qa5 Bg4 42.Re1 Qd2 43.Rxe5 Rf2
44.Re7 d4 45.Rxg7+ Kxg7 46.Qe5+ Kf7 47.Ne4 Qxc2+ 48.Ka3 Qxa2+ 49.Kb4 a5+
50.Kc5 Rc2+ 51.Kb6 Qxb3+ 52.Ka7 Qe6 53.Nd6+ Kg8 54.Qxd4 Re2 55.Ka6 c5  0-1

[Event "12th Nantes Open"]
[Site "Nantes FRA"]
[Date "2013.12.28"]
[Round "2.2"]
[White "Bonn,T"]
[Black "Kunin,V"]
[Result "0-1"]
[WhiteElo "2284"]
[BlackElo "2552"]

1.e4 c5 2.Nc3 Nc6 3.Bb5 e6 4.Nf3 Nge7 5.O-O a6 6.Bxc6 Nxc6 7.d4 cxd4 8.Nxd4 Qc7
9.Bg5 Bc5 10.Nf3 O-O 11.Qd2 b5 12.Rad1 d6 13.Be3 Bxe3 14.Qxe3 Bb7 15.Rd2 Rac8
16.Ne2 Ne5 17.Nxe5 dxe5 18.Rfd1 Qc4 19.Ng3 h6 20.a3 a5 21.h4 b4 22.axb4 axb4
23.Qf3 Kh7 24.Rd7 Rc7 25.Qg4 g6 26.h5 g5 27.Qf3 Kg7 28.c3 bxc3 29.Qxc3 Qxc3
30.bxc3 Rfc8 31.f3 g4 32.Rxc7 Rxc7 33.Rc1 Kf6 34.Kf2 Kg5 35.c4 Rc5 36.Nf1 f5
37.Nd2 Kxh5 38.Rb1 Ba6 39.Ra1 Bc8 40.Rb1 Ra5 41.Rb5 Ra2 42.Ke1 Kh4 43.Rxe5 Kg3
44.exf5 exf5 45.fxg4 fxg4 46.Re8 Bb7 47.Rh8 Ra6 48.c5 Kxg2 49.Nc4 g3 50.Rh7 Be4
51.Re7 Bf3 52.Ne5 Bd5 53.Rd7 Ba8 54.Rd6 Ra5 55.Rxh6 Rxc5 56.Nd3 Rc4 57.Rf6 Kh2
58.Rh6+ Kg1 59.Rf6 Kh2 60.Rh6+ Kg2 61.Rf6 Rh4 62.Ke2 Kh2 63.Nf4 Bb7 64.Ke3 Rh7
65.Re6 Bc8 66.Re5 Bg4 67.Re8 Rh6 68.Ra8 Bh3 69.Ra2+ g2 70.Nxg2 Bxg2 71.Rf2 Kg3
72.Rf8 Re6+ 73.Kd2 Bf3 74.Rf7 Kf2 75.Rd7 Re1 76.Rf7 Rd1+ 77.Kc2 Rd8 78.Re7 Ba8
79.Re6 Kf3 80.Re7 Be4+ 81.Kc3 Ke3 82.Rc7 Rd1 83.Re7 Rc1+ 84.Kb2 Rc5 85.Re8 Kd3
86.Rd8+ Bd5 87.Rb8 Rc2+ 88.Kb1 Ba2+ 89.Ka1 Bc4 90.Rb2 Rc3 91.Rb8 Ra3+ 92.Kb2 Ra2+
93.Kb1 Kc3 94.Rf8 Rh2 95.Rf3+ Bd3+ 96.Ka1 Rh1+ 97.Ka2 Rh8  0-1

[Event "PanAm Intercollegiate 2013"]
[Site "Lubbock USA"]
[Date "2013.12.29"]
[Round "5.2"]
[White "Zherebukh,Y"]
[Black "Lee,Micha"]
[Result "1-0"]
[WhiteElo "2614"]
[BlackElo "2387"]

1.e4 c5 2.Nf3 Nc6 3.Nc3 g6 4.d4 cxd4 5.Nxd4 Bg7 6.Be3 Nf6 7.Bc4 d6 8.f3 O-O
9.Qd2 Bd7 10.g4 Rb8 11.Be2 Ne5 12.O-O-O b5 13.Bh6 Qa5 14.Bxg7 Kxg7 15.Nb3 Qb6
16.g5 Nh5 17.Nd5 Qf2 18.Nxe7 Bh3 19.Qxd6 Nxf3 20.Bxf3 Qxf3 21.Qd4+ f6 22.Nd5 Rbe8
23.Rhe1 Qg2 24.gxf6+ Nxf6 25.Nf4 Qxh2 26.e5 Nh5 27.Nxh5+ gxh5 28.Rh1 Qg3
29.Rxh3 Qxh3 30.Rg1+ Kf7 31.e6+ Kxe6 32.Nc5+ Ke7 33.Qe5+ Kd8 34.Qb8+ Ke7
35.Qc7+  1-0

[Event "12th Nantes Open"]
[Site "Nantes FRA"]
[Date "2013.12.29"]
[Round "5.6"]
[White "Le Gouellec,Marc"]
[Black "Bonn,T"]
[Result "0-1"]
[WhiteElo "1692"]
[BlackElo "2284"]

1.e4 c5 2.Nf3 Nc6 3.Nc3 g6 4.d4 cxd4 5.Nxd4 Bg7 6.Be3 Nf6 7.Bc4 Qa5 8.O-O O-O
9.f3 d6 10.Qd2 Bd7 11.a3 Ne5 12.Be2 Rac8 13.Kh1 Nc4 14.Bxc4 Rxc4 15.Nb3 Qc7
16.Rac1 Rc8 17.Rf2 b5 18.Nd1 Qb8 19.Bd4 Be6 20.Na5 Rxd4 21.Qxd4 Ng4 22.Qb4 Nxf2+
23.Nxf2 Bh6 24.Rd1 Rxc2 25.Nd3 Qb6 26.Qe1 Qe3 27.Qxe3 Bxe3 28.Nb4 Rxb2 29.Nac6 Kf8
30.h3 h5 31.Nd4 Bc4 32.Ndc6 Bg5 33.Nd3 Bxd3 34.Rxd3 h4 35.f4 Rb1+  0-1

[Event "12th Nantes Open"]
[Site "Nantes FRA"]
[Date "2013.12.30"]
[Round "6.2"]
[White "Bonn,T"]
[Black "Lagarde,Max"]
[Result "0-1"]
[WhiteElo "2284"]
[BlackElo "2511"]

1.e4 c5 2.Nc3 Nc6 3.Bb5 Nd4 4.Bc4 e6 5.Nge2 Nf6 6.O-O d6 7.d3 b5 8.Bb3 Nxb3
9.axb3 Bb7 10.Nf4 d5 11.exd5 exd5 12.d4 Be7 13.Nce2 cxd4 14.Ng3 g6 15.Re1 O-O
16.h4 Qc7 17.Re2 Rfe8 18.h5  0-1

[Event "10th Schachturken-Cup 2013"]
[Site "Paderborn GER"]
[Date "2013.12.30"]
[Round "7"]
[White "Braun,Christi2"]
[Black "Kolkin,M"]
[Result "1-0"]
[WhiteElo "2359"]
[BlackElo "2296"]

1.e4 c5 2.Nf3 Nc6 3.Nc3 e5 4.Bc4 Be7 5.d3 d6 6.Nd2 Bg5 7.h4 Bh6 8.Nf1 Bxc1
9.Qxc1 Nf6 10.Ne3 Be6 11.Ncd5 Na5 12.Bb5+ Kf8 13.Nxf6 Qxf6 14.Qd2 Qd8 15.c3 a6
16.Bc4 Nxc4 17.dxc4 b5 18.O-O-O Ke7 19.f4 f6 20.g4 Rb8 21.g5 Rb6 22.Rhg1 Rg8
23.gxf6+ gxf6 24.f5 Ke8  1-0

[Event "Bay Area International 2014"]
[Site "Santa Clara USA"]
[Date "2014.01.02"]
[Round "1.20"]
[White "Gao Rui"]
[Black "Melekhina,A"]
[Result "1-0"]
[WhiteElo "2454"]
[BlackElo "2188"]

1.e4 c5 2.Nf3 Nc6 3.Nc3 Nf6 4.d4 cxd4 5.Nxd4 e5 6.Ndb5 d6 7.Bg5 a6 8.Na3 b5
9.Nd5 Be7 10.Bxf6 Bxf6 11.c4 b4 12.Nc2 a5 13.Qf3 Be6 14.Rd1 Bxd5 15.cxd5 Na7
16.g3 O-O 17.h4 Rc8 18.Ne3 a4 19.Qe2 Rc5 20.Qa6 Ra5 21.Qb7 b3 22.axb3 axb3
23.Nc4 Nb5 24.Bd3 Nd4 25.Nxa5 Qxa5+ 26.Kf1 Bd8 27.Kg2 Bb6 28.Ra1 Qc5 29.Ra6 Bd8
30.Ra4 Bb6 31.Rc4 Qa5 32.Rc8 Bd8 33.Qa8 Qxa8 34.Rxa8 Bb6 35.Rha1 g6 36.Bc4 Bd8
37.Rb8 f5 38.Raa8 Be7 39.Rxf8+ Bxf8 40.f3 fxe4 41.fxe4 Kf7 42.Rb8 Bh6 43.Bxb3 g5
44.h5 g4 45.Bd1  1-0

[Event "26th Staufer-Open A 2014"]
[Site "Schwaebisch Gmuend GER"]
[Date "2014.01.02"]
[Round "2.14"]
[White "Poetsch,H"]
[Black "Goldsworthy,P"]
[Result "1-0"]
[WhiteElo "2474"]
[BlackElo "2088"]

1.e4 c5 2.Nf3 Nc6 3.Nc3 Nf6 4.d4 cxd4 5.Nxd4 e5 6.Ndb5 d6 7.Bg5 a6 8.Na3 b5
9.Bxf6 Qxf6 10.Nd5 Qd8 11.c4 b4 12.Nc2 a5 13.g3 g6 14.h4 h5 15.Bh3 Bb7 16.Qd3 Bg7
17.a3 O-O 18.O-O bxa3 19.Rxa3 Rb8 20.Rd1 Ba6 21.b4 Bc8 22.Bxc8 axb4 23.Ra6 Rxc8
24.Ndxb4 Nd4 25.Nxd4 exd4 26.Nd5 Rc5 27.Rb1 Ra5 28.Ne7+ Kh7 29.Nc6 Rxa6 30.Nxd8 Rxd8
31.Rb7 Kg8 32.Qb3 Rc6 33.Rxf7 Kxf7 34.Qb7+ Kg8 35.Qxc6 Bf6 36.c5  1-0

[Event "Cracovia Open A 2013-14"]
[Site "Krakow POL"]
[Date "2014.01.03"]
[Round "8.3"]
[White "Kolosowski,M"]
[Black "Kanarek,M"]
[Result "1/2-1/2"]
[WhiteElo "2438"]
[BlackElo "2473"]

1.e4 c5 2.Nc3 Nc6 3.Bb5 Nd4 4.Bc4 e6 5.Nge2 Ne7 6.Nxd4 cxd4 7.Ne2 Nc6 8.d3 g6
9.O-O Bg7 10.Bf4 d5 11.exd5 exd5 12.Bb3 O-O 13.Qd2 Re8 14.Rfe1 Bg4 15.h3 Bxe2
16.Rxe2 Re6 17.Rae1 Qd7 18.Rxe6 fxe6 19.Bh6 a6 20.Bxg7 Kxg7 21.c4 dxc3 22.Qxc3+ Kg8
23.h4 Rf8 24.h5 Qf7 25.Qc5 Qf4 26.Qe3 Qxe3 27.fxe3 gxh5 28.e4 Nd4 29.Bd1 Rd8
30.Bxh5 dxe4 31.dxe4 e5 32.Rc1 Nc6 33.Be2 Rd2 34.Bxa6 bxa6 35.Rxc6 Rxb2 36.Rxa6 Rb4
37.Rf6 Rxe4  1/2-1/2